| 000 | 00459nam a2200145 a 4500 | ||
|---|---|---|---|
| 001 | 000007051 | ||
| 005 | 20200929154044.0 | ||
| 008 | 090904s1968 dr 001 0 spa d | ||
| 040 |
_aDO-SdBNP _bspa _cBNPHU |
||
| 100 | 1 |
_aGómez, Manuel Ubaldo, _d1892-1951. _919596 |
|
| 245 | 1 | 3 |
_aEl divorcio en la República Dominicana / _cManuel Ubaldo Gómez. |
| 260 |
_aSanto Domingo : _bCapeldom, _c1968. |
||
| 300 |
_a152 p. ; _c23 cm. |
||
| 500 | _aIncluye índice analítico | ||
| 999 |
_c6834 _d6834 |
||